BIBLIOTHÈQUE DE LA MAISON DU MEXIQUE

Logo 1 Logo 2

Criaturas de la noche (notice nᵒ 2713)

détails MARC
000 -Sello discográfico
campo de control de longitud fija 00844nam a2200289 4500
005 - Identificación de versión
campo de control 20251017062706.0
035 ## - Otros números de control del sistema
Número de control del sistema 23789
099 ## - fechas locales
Tipo de ítem Koha LIBRO
100 ## - Datos de procesamiento general
Datos de procesamiento general 19980209d1991 m y1spay5003 ba
105 ## - Campo de datos codificados: Material textual, monográfico
Datos codificados de monografía y 001gy
200 1# - Título y mención de responsabilidad
Título propio Criaturas de la noche
Designación general del material texto impreso
Primer mención de responsabilidad Helena Paz
Declaración de responsabilidad subsiguiente prólogo Ernst Junger
210 ## - Publicación, distribución, etc.
Lugar de publicación, distribución, etc. Madrid
Nombre del editor, distribuidor, etc. Papeles de Invierno
Fecha de publicación, distribución, etc. 1991
215 ## - Descripción física
Designación de material específico y extensión del ítem 24 p
Dimensiones 24 cm
345 ## - Nota de información de adquisición
Fuente de adquisición/dirección de la suscripción [OBSOLETO] Donación de Vilma Fuentes
410 #1 - Series
Título Papeles de Invierno
Número de volumen 6
606 ## - Término temático usado como materia
Elemento de entrada Poesía mexicana
Subdivisión cronológica Siglo XX
Número Koha 10
660 ## - Código de área geográfica
Código MX
700 ## - Nombre personal - Responsabilidad primaria
Elemento de entrada Paz Garro
Parte del nombre distinta del elemento de entrada Laura Helena
Fechas 1939-2014
Número Koha 6053
702 ## - Nombre personal - Responsabilidad secundaria
Elemento de entrada Junger
Parte del nombre distinta del elemento de entrada Ernst
Fechas 1895-1998
Número Koha 6054
801 #0 - Fuente de origen
Agencia cm
900 ## -
-- 1/15759
900 ## -
-- 710987326\\090298
942 ## - ELEMENTOS DE ENTRADA SECUNDARIOS (KOHA)
Tipo de ítem Koha Livre
996 ## -
-- MEX
-- 751145101
-- MMAG
-- 009901
-- 861.40 P348CR
-- 20240306LIV
Exemplaires
Estatus retirado Estado de daño Estado de pérdida Fecha de adquisición Biblioteca de origen Biblioteca actual Ubicación en estantería Código de barras Precio de reemplazo Signatura topográfica completa No para préstamo Tipo de ítem Koha Nota pública Nota no pública
      05/08/2025 Casa México Paris Casa México Paris   009901 05/08/2025 861.40 P348CR   Livre 20240306LIV 751145101